000 00474nam a2200181Ia 4500
005 20260429111940.0
008 260429s9999||||xx |||||||||||||| ||und||
020 _a9789348011381
041 _aEnglish
082 _a620.5
_bKUM
100 _aKumar, Manendra
245 0 _aBasics of nanotechnology /
_cManendra Kumar
260 _aNew Delhi :
_bAsia Publishers,
_c2025.
300 _aix, 296 p.; hb
650 _a Nanotechnology
650 _aEngineering
942 _cTB
999 _c51571
_d51571